000 00463nam a2200181Ia 4500
008 230711s9999||||xx |||||||||||||| ||und||
020 _a978-81-203-5134-9
041 _aENG
082 _a541.2
_bKU-G
100 _aKunju,A.Salahuddin
245 0 _aGroup theory and its applications in Chemistry
250 _a2ndEd.
260 _c2015
_aNew Delhi
_bPHI Learning Private Limited
300 _a199
650 _aChemistry
700 _aKrishnan,G
942 _cBK
999 _c5448
_d5448